000 00286nam a22001337a 4500
008 170529b xxu||||| |||| 00| 0 eng d
020 _a9780558380458
041 _aeng
080 _a94
100 _a16
101 _aSHH
245 _aTHE WESTERN HERITAGE
_cKAGAN,D
942 _2udc
_cBK
999 _c14985
_d14985